| 000 | 01003nam a2200241 u 4500 | ||
|---|---|---|---|
| 001 | 000317692 | ||
| 003 | AM-YeHGA | ||
| 005 | 20250618072022.0 | ||
| 008 | 031126s1970 ai r 000 0 arm d | ||
| 040 | _aAM-YeHGA | ||
| 041 | 0 | _aarm | |
| 100 | 1 |
_aԱլեքսանյան, Զավեն Հարությունի, _92501 |
|
| 245 | 1 | 0 |
_aՄայրենի լեզու : _bԲ. տարի / _cԶ.Հ. Ալեքսանեան, Ա.Ս. Սարմէն, Գ.Ն. Հատիտեան; Խմբ.՝ Ա.Ե. Տէր-Գրիգորեան. |
| 250 | _a3-րդ հրատ. | ||
| 260 |
_aԵրևան : _bԱ. հ., _c1970. |
||
| 300 |
_a182 էջ : _bնկ. ; _c22 սմ. |
||
| 650 | 1 | 4 |
_aՀայոց լեզու _xԴասագիրք սփյուռքի դպրոցների համար |
| 650 | 1 | 4 |
_aՄայրենի լեզու _94523 |
| 700 | 1 |
_aՍարմեն, _d1901-1984 _91029 |
|
| 700 | 1 |
_aՀատիտյան, Գևորգ Նազարի, _d1924-1984 _99471 |
|
| 700 | 1 |
_aՏեր-Գրիգորյան, Աշոտ Երեմի, _d1927-1988 _eխմբ. _4edt _92455 |
|
| 090 | _c119281 | ||
| 999 |
_c117933 _d117933 |
||